| 000 | 00438nam a2200157 a 4500 | ||
|---|---|---|---|
| 005 | 20140412111315.0 | ||
| 008 | 010320s19uu xx 00 eng d | ||
| 020 | _a1-56144-714-5 | ||
| 050 |
_aER _bMo71Ki 1996 |
||
| 245 |
_aMother Goose's kitchen / _cillustrated by Tammie Speer-Lyon. |
||
| 260 |
_aNew York : _bModern Publshing, _c1996. |
||
| 300 | _a1 v. (unp.) ; ill. | ||
| 440 | _aRead-A-Rhym | ||
| 650 | _aRhymes | ||
| 999 |
_c104186 _d104186 |
||